Women & peace chapters from northeast india (Record no. 4139)

MARC details
000 -LEADER
fixed length control field 00594cam a2200205ua 4500
008 - FIXED-LENGTH DATA ELEMENTS--GENERAL INFORMATION
fixed length control field 111223n ii |||gr||||Z||||||eng
020 ## - INTERNATIONAL STANDARD BOOK NUMBER
International Standard Book Number 978-81-8370-126-6
040 ## - CATALOGING SOURCE
Transcribing agency MAIN
082 ## - DEWEY DECIMAL CLASSIFICATION NUMBER
Classification number 305.4
100 1# - MAIN ENTRY--PERSONAL NAME
Personal name Dutta, Anuradha,
Relator term
245 11 - TITLE STATEMENT
Title Women & peace chapters from northeast india
Statement of responsibility, etc. ed. by Anuradha Dutta
250 ## - EDITION STATEMENT
Edition statement 1st.
260 ## - PUBLICATION, DISTRIBUTION, ETC.
Place of publication, distribution, etc. New Delhi:
Name of publisher, distributor, etc. Akansha Publishing house,
Date of publication, distribution, etc. 2008.
300 ## - PHYSICAL DESCRIPTION
Extent 235p:
Dimensions 23cm.
700 1# - ADDED ENTRY--PERSONAL NAME
Personal name Bhuyan, Ratna,
Relator term
942 ## - ADDED ENTRY ELEMENTS (KOHA)
Koha item type Books
653 ## - INDEX TERM--UNCONTROLLED
Uncontrolled term Social group of women
653 ## - INDEX TERM--UNCONTROLLED
Uncontrolled term Women & peace chapters from northeast india
Holdings
Withdrawn status Lost status Damaged status Not for loan Home library Current library Shelving location Date acquired Total Checkouts Full call number Barcode Date last seen Copy number Price effective from Koha item type
        Central Library, Naharkatiya College Central Library, Naharkatiya College General Stacks 19/09/2020   305.4 | WOM 17450 19/09/2020 1 19/09/2020 Books

Naharkatiya College © 2020. All rights reserved.

Powered By